|
|
|
|
| LEADER |
00747cam a2200229 7i4500 |
| 001 |
0000036347 |
| 005 |
20200602090000.0 |
| 007 |
##ta |
| 008 |
200519s2018 my eng |
| 020 |
# |
# |
|a 9789264307926
|
| 040 |
# |
# |
|a MATR
|
| 090 |
0 |
0 |
|a I 338.90091724
|b PER
|
| 245 |
0 |
0 |
|a Perspectives on Global Development 2019.
|
| 264 |
# |
1 |
|a Paris Cedex:
|b OECD Publishing,
|c 2018.
|
| 264 |
# |
4 |
|a ♭2019.
|
| 300 |
# |
# |
|a 231 pages:
|b illustrations;
|c 30 cm.
|
| 336 |
# |
# |
|a text
|2 rdacontent
|
| 337 |
# |
# |
|a unmediated
|2 rdamedia
|
| 338 |
# |
# |
|a volume
|2 rdacarrier
|
| 504 |
# |
# |
|a Includes bibliographical references and index
|
| 650 |
# |
0 |
|a Globalization --
|x Economic aspects --
|x Ststisitcs --
|z Developing countries
|
| 999 |
|
|
|a 0000040996
|b Book
|c International
|e Business Information Centre
|